00753nam a22001577a 4500999001900000008004100019100002700060245006700087260002900154300003200183520022000215773002900435906001700464942000700481952010700488 c530970d530970250722b ||||| |||| 00| 0 eng d aMenis, Susanna 955522 aDoing academic careers differently: Portraits of academic life aSocial & Legal Studies  a34(3), Jun, 2025: p.458-461 aRobinson Sarah, Bristow Alexandraratle Olivier (Eds.), United Kingdom: Taylor & Francis, 2023, 458 pages ISBN 9781032212616, £38 (pbk).- Reproduced https://journals.sagepub.com/doi/abs/10.1177/09646639241280682  aSocial & Legal Studies  aBOOK REVIEW  cAR 00102ddc40709406169aIIPAbIIPAd2025-07-22h34(3), Jun, 2025: p.458-461pAR136690r2025-07-22yAR